| 000 | 00433nam a22001697a 4500 | ||
|---|---|---|---|
| 003 | OSt | ||
| 008 | 230510b |||||||| |||| 00| 0 eng d | ||
| 020 | _a9781032327174 | ||
| 041 | _aeng | ||
| 082 |
_a658.404 _bNIC/PR |
||
| 100 |
_aNicholas, John M _95458 |
||
| 245 | _aProject management for engineering, business and technology | ||
| 250 | _a6th | ||
| 260 |
_aLondon _bRoutledge _c2022 |
||
| 300 |
_a732 _bblack, blue |
||
| 942 | _cBK | ||
| 999 |
_c17692 _d17692 |
||